000 nam a22 a 4500
999 _c3378
_d3378
003 AKMAL
005 20170522124004.0
008 170522s1997 -us 00 eng d
020 _a157675054x:
_cRM 112.28
040 _aAKMAL
_cAKMAL
082 0 4 _a658.4036 WEA
090 0 0 _a658.4036
_bWEA
100 1 _aWeaver, Richard G.,
_d1947-
_96830
245 1 0 _aManagers as facilitators :
_ba practical guide to getting work done in a changing workplace /
_cRichard G. Weaver & John D. Farrell
260 _aSan Francisco :
_bBerrett-Koehler Publishers,
_c1997
300 0 0 _axviii, 248p. :
_bill. ;
_c24cm
500 _aIncludes index
504 _aBibliography: p. 233-234
650 0 _aTeams in the workplace
_9557
650 0 _aDecision-making, Group
_96831
650 0 _aSupervision of employees
_95850
700 1 _aFarrell, John D.,
_d1906-
_96832
942 _2ddc
_cBOOK